| 000 | 06794nam a22008297a 4500 | ||
|---|---|---|---|
| 001 | B-267778-818 | ||
| 003 | dpl | ||
| 005 | 20080605123125.0 | ||
| 008 | 080530t xxu||||| |||| 00| j eng d | ||
| 010 | _aB--267778-818 | ||
| 020 |
_a8128616532 _c145.00 |
||
| 035 | _aB--267778-818 | ||
| 037 | _bBlue Berry | ||
| 040 |
_aDPL _bEN |
||
| 082 | _aN | ||
| 100 | _aPetrucha, Stefan | ||
| 245 |
_aThe old fasioned mystery of the haunted dollhouse _cby Stefan Petrucha [and] Sho Murase; based on the series by Carolyn Keene |
||
| 260 |
_aMumbai _bEuro Books _c2005 |
||
| 270 |
_bMumbai _aDani Corporate Park, 158, Vidyanagari Marg, Kalina, Santacruz (E) _e400098 |
||
| 300 |
_aunpaged _bcol. ill. _c20 cm (Hb) |
||
| 490 | _aNancy drew girl detective | ||
| 650 | _aEnglish Stories | ||
| 700 | _aMurase, Sho | ||
| 700 | _aKeene, Carolyn | ||
| 700 | _aSalicrup, Jim | ||
| 700 | _a | ||
| 942 |
_2ddc _cCH _hN _mDRE |
||
| 999 |
_c13297 _d13297 |
||